000 00692nam a22002177a 4500
003 UA-OsUOA
001 120580
007 ta
008 20170208b un ||||| |||| 00| 0 ukr d
100 _aКоць Т.А.
090 _a81
_bК75
942 _cSA
040 _aUA-OsUOA
_bukr
_cUA-OsUOA
_dUA-OsUOA
245 _aПубліцистичний стиль як джерельна база дослідження історичної змінності мовної норми
300 _aС.66-72
955 _a0
041 _aukr
080 _a81
773 0 _w120576
650 7 _a8 Мовознавство. Художня література. Літературознавство
_2UDC
999 _c406655
_d406655